Az IKEA értékesítési stratégiája

Bibliográfiai részletek
Szerző: Kaltenecker Lili Dorina
További közreműködők: Békési Gábor György
Dokumentumtípus: Projektmunka
Kulcsszavak:értékesítés
IKEA
modernizáció
SWOT-elemzés
vásárlói elégedettség
Online Access:http://dolgozattar.uni-bge.hu/59985

MARC

LEADER 00000nnm a2200000 i 4500
001 dolg59985
005 20260409145831.0
008 260409suuuu hu o 000 hun d
040 |a BGE Dolgozattár Repozitórium  |b hun 
041 |a hu 
100 1 |a Kaltenecker Lili Dorina 
245 1 3 |a Az IKEA értékesítési stratégiája  |c Kaltenecker Lili Dorina  |h [elektronikus dokumentum] 
516 |a Project_work 
520 3 |a Dolgozatomban az IKEA értékesítési stratégiáját vizsgáltam, kiemelve az áruházak tudatos kialakítását, az impulzusvásárlás ösztönzését, a fenntarthatósági törekvéseket és az innovációk szerepét. Primer kutatásom és SWOT-elemzésem alapján megállapítottam, hogy az IKEA üzleti sikere az ügyfélélmény fejlesztésében, a globális márkaismertségben és a folyamatos megújulásban rejlik. A vásárlói körökben pedig a vállalat népszerűségét a jó ár-érték arány, a széles választék és az innováció iránti elkötelezettség biztosítja, miközben fejlesztési lehetőségei is vannak, például a kommunikáció és a terjeszkedés terén.A szakdolgozatom célja, hogy részletesen bemutassa az IKEA egyedülálló értékesítési stratégiáját, különös figyelmet fordítva a legfontosabb eszközökre és módszerekre, amelyeket a vállalat alkalmaz a globális piacon való sikeres működéshez. Továbbá megvizsgálom, hogyan alakítja ki a cég a vásárlói élményt, hogyan integrálja az online és offline értékesítési csatornákat, és hogyan veszi fel a harcot a versenytársakkal szemben. A kutatásomban az svéd vállalat sajátos működését fogom elemezni, valamint annak hatását a fogyasztókra és a piaci helyzetre. A vállalati környezetben szerzett tapasztalataim által igyekszem olyan gyakorlati megközelítést adni a stratégiai elemzéshez, amellyel közelebb kerülhetünk a cég valós működéséhez és jövőbeli kihívásaihoz. Az IKEA stratégiájának elemzése lehetőséget ad arra, hogy a vállalati működés és az értékesítési módszerek szoros összefüggéseit alaposan feltárjam, valamint, hozzájáruljak a cég további fejlődési lehetőségeinek megértéséhez 
695 |a értékesítés 
695 |a IKEA 
695 |a modernizáció 
695 |a SWOT-elemzés 
695 |a vásárlói elégedettség 
700 1 |a Békési Gábor György  |e ths 
856 4 0 |u http://dolgozattar.uni-bge.hu/59985/1/Az%20IKEA%20%C3%A9rt%C3%A9kes%C3%ADt%C3%A9si%20strat%C3%A9gi%C3%A1ja.pdf  |z Dokumentum-elérés 
856 4 0 |u http://dolgozattar.uni-bge.hu/59985/2/Biralat_Kaltenecker%20Lili%20Dorina.pdf  |z Dokumentum-elérés